000 00553cam a2200193 4500
008 000000n1999 000 0 eng u
020 _a1860812856
035 _a(Sirsi) u100408
041 _aENG
050 _a690
110 _aBuilding Research Establishment
245 _aAlkali-silica reaction in concrete, background to the guidance notes.
260 _aWatford
_bCRC Ltd
_c1999
300 _a8p. ; 30cm.
490 _aBRE Digest
_v330 Part 1
650 _aCONCRETE
690 _aBUILDING AND CONSTRUCTION-DESIGN AND STRUCTURE
942 _n0
999 _c99693
_d99693